000 00310nam a22001457a 4500
008 210526b ||||| |||| 00| 0 eng d
020 _a9780132720816
041 _aeng
080 _212th
_a33
082 _a33
100 _a53
101 _aMEN
245 _aRetail Management
_cBerman,B
942 _2udc
_cBK
999 _c57621
_d57621